| 000 | 00714nam a2200253Ia 4500 | ||
|---|---|---|---|
| 003 | OSt | ||
| 005 | 20220926015930.0 | ||
| 006 | a|||||r|||| 00| 0 | ||
| 007 | ta | ||
| 008 | 220923b |||||||| |||| 00| 0 eng d | ||
| 020 | _a0030630576 | ||
| 037 | _cGeneral Book | ||
| 040 |
_aRTL _cRTL _beng |
||
| 041 |
_2eng _aeng |
||
| 082 | _aX:54, M5 | ||
| 100 |
_aKihl Young Whan _9323347 |
||
| 245 | 0 |
_aWorld trade issues _b Regime, structure and policy |
|
| 260 |
_aNew York _bPraeger USA _c1985 |
||
| 300 |
_axvi,273p. Bib p 245-68 _ccm. |
||
| 650 | _aExport | ||
| 700 |
_a Lutz James M _9322204 |
||
| 942 |
_hX:54, M5 _cGB _2CC |
||
| 999 |
_c632815 _d632815 |
||